|
|
|
|
| LEADER |
00726nam a2200217 a 4500 |
| 001 |
000666829 |
| 003 |
CZ BrMZK |
| 005 |
20120313104924.0 |
| 008 |
030417s1894 xr f cze d |
| 015 |
|
|
|a cnb001244634
|
| 040 |
|
|
|a BOA001
|b cze
|c BOA001
|
| 100 |
1 |
|
|a Bačkovský, František,
|d 1854-1908
|7 jk01010528
|4 aut
|
| 245 |
1 |
0 |
|a Stručný přehled dějin literatury české doby nové /
|c František Bačkovský
|
| 250 |
|
|
|a 2., opr. a rozmn. vyd.
|
| 260 |
|
|
|a V Praze :
|b Fr. A. Urbánek,
|c 1894
|
| 300 |
|
|
|a 140 s.
|
| 910 |
|
|
|a BOA001
|b PK-I-0000.913-1894
|
| 964 |
|
|
|a Bohemika - stol. 19.
|
| 990 |
|
|
|a BK
|
| 993 |
|
|
|a Y
|
| 996 |
6 |
|
|b BC-90189
|c PK-I-0000.913-1894
|l MZK
|r Sklad / do 1 hodiny
|n 0
|w 000666829
|u 000010
|a 1
|e BOA001
|j MZK50
|s P
|